| 000 | 00729nam a22001457a 4500 | ||
|---|---|---|---|
| 999 |
_c520127 _d520127 |
||
| 008 | 220702b ||||| |||| 00| 0 eng d | ||
| 100 |
_aRao, R. Raghuttama _931809 |
||
| 245 | _aDeep-tech startup ecosystem | ||
| 260 | _aYojana | ||
| 300 | _a66(6), Jun, 2022: p.17-19 | ||
| 520 | _aDeep-tech startups arise from research-based, disruptive innovations from STEM lobs of academic/research institutions and solve hard problems and challenges. India lacks deep-tech startups. Deep-tech startups constitute less than one per cent of the number of startups, far below what a fast-growing, complex, and large economy like India should have.- Reproduced | ||
| 773 | _aYojana | ||
| 906 | _aNEW BUSINESS ENTERPRISES | ||
| 942 | _cAR | ||